00538nam a2200193Ia 4500003000900000008004100009040001300050040001300063041000800076100001300084245005200097250001300149260001400162260000900176300001200185490000600197600012000203700002100323IT-RoPAU120407s9999 xx 000 0 und d aIT-RoPAU cIT-RoPAU aita aR. Rouse aStoria del movimento ecumenico dal 1517 al 1948 aBologna  aIl Mulino c1973 c21,5 cm v1 a"1° Tomo: Dalla Riforma agli inizi dell’800. 514 p. 2° Tomo: Dagli inizi dell’800 alla conf... 495 p." aStephen C. Neill